| 000 | 02032nam a2200445 i 4500 | ||
|---|---|---|---|
| 001 | in903151279 | ||
| 003 | Ingram | ||
| 005 | 20260303091518.0 | ||
| 008 | 260226t20262026nyua a 000 1 eng d | ||
| 020 |
_a9798217135097 _q(hardcover) |
||
| 020 |
_a9798217135080 _q(paperback) |
||
| 035 | _a(OCoLC)1574615966 | ||
| 040 |
_aTnLvILS _beng _erda _cTnLvILS |
||
| 082 | 0 | 4 |
_a[E] _223/eng/20260226 |
| 100 | 1 |
_aHallam, Frankie, _eauthor. _96536858 |
|
| 245 | 1 | 0 |
_aArmor up! / _cFrankie Hallam. |
| 246 | 1 | 4 |
_aMarvel Iron Man and his awesome friends. _pArmor up! |
| 246 | 3 | 0 |
_aIron Man and his awesome friends. _pArmor up! |
| 250 | _aFirst American edition. | ||
| 264 | 1 |
_aNew York, NY : _bDK/Penguin Random House, _c2026. |
|
| 264 | 4 | _c�2026 | |
| 300 |
_a32 pages : _bcolor illustrations ; _c24 cm. |
||
| 336 | _atext | ||
| 336 | _astill image | ||
| 337 | _aunmediated | ||
| 338 | _avolume | ||
| 490 | 1 | _aDK Super readers. Pre-level, Learning to read | |
| 500 | _a"Disney Jr." | ||
| 520 | _a"Meet Tony Stark, Riri Williams, and Amadeus Cho, the Iron Friends! These super geniuses always work together to save the day. With engaging, simple text, little ones can enter the world of reading whilst learning about bravery and teamwork with all of their new favorite characters from the show."--Provided by publisher. | ||
| 600 | 0 | 0 |
_aIron Man _c(Fictitious character) _vJuvenile fiction. _96458353 |
| 600 | 0 | 0 |
_aIronheart _c(Fictitious character) _vJuvenile fiction. _96561639 |
| 650 | 0 |
_aSuperheroes _vJuvenile fiction. |
|
| 600 | 0 | 1 |
_aIron Man _c(Fictitious character) _vFiction. _96458354 |
| 600 | 0 | 1 |
_aIronheart _c(Fictitious character) _vFiction. _96561640 |
| 650 | 1 |
_aSuperheroes _vFiction. _95673961 |
|
| 655 | 7 |
_aSuperhero fiction. _2lcgft |
|
| 655 | 7 |
_aReaders (Publications) _2lcgft _95726093 |
|
| 730 | 0 |
_iAdaptations of (expression): _aIron Man and his awesome friends (Television program) _96561641 |
|
| 830 | 0 |
_aDK Super readers. _nPre-level. _96480091 |
|
| 999 |
_c416830 _d416830 |
||